<?xml version="1.0" encoding="UTF-8"?>
<record
    xmlns:xsi="http://www.w3.org/2001/XMLSchema-instance"
    xsi:schemaLocation="http://www.loc.gov/MARC21/slim http://www.loc.gov/standards/marcxml/schema/MARC21slim.xsd"
    xmlns="http://www.loc.gov/MARC21/slim">

  <leader>02535    a2200265   4500</leader>
  <controlfield tag="003">NALT</controlfield>
  <controlfield tag="005">20250606163603.0</controlfield>
  <controlfield tag="008">230411b        th ||||| |||| 00| 0 tha d</controlfield>
  <datafield tag="020" ind1=" " ind2=" ">
    <subfield code="a">9786165812290</subfield>
  </datafield>
  <datafield tag="040" ind1=" " ind2=" ">
    <subfield code="a">NALT</subfield>
  </datafield>
  <datafield tag="090" ind1=" " ind2=" ">
    <subfield code="a">KS 42</subfield>
    <subfield code="b">&#xE1C;951&#xE04; 2566</subfield>
  </datafield>
  <datafield tag="100" ind1="0" ind2=" ">
    <subfield code="a">&#xE44;&#xE1C;&#xE17;&#xE0A;&#xE34;&#xE15; &#xE40;&#xE2D;&#xE01;&#xE08;&#xE23;&#xE34;&#xE22;&#xE01;&#xE23;.</subfield>
    <subfield code="9">18922</subfield>
  </datafield>
  <datafield tag="245" ind1="1" ind2="0">
    <subfield code="a">&#xE04;&#xE33;&#xE2D;&#xE18;&#xE34;&#xE1A;&#xE32;&#xE22; &#xE22;&#xE37;&#xE21; &#xE1D;&#xE32;&#xE01;&#xE17;&#xE23;&#xE31;&#xE1E;&#xE22;&#xE4C; /</subfield>
    <subfield code="c">&#xE44;&#xE1C;&#xE17;&#xE0A;&#xE34;&#xE15; &#xE40;&#xE2D;&#xE01;&#xE08;&#xE23;&#xE34;&#xE22;&#xE01;&#xE23;, &#xE13;&#xE31;&#xE10;&#xE13;&#xE34;&#xE0A;&#xE32; &#xE40;&#xE2D;&#xE01;&#xE08;&#xE23;&#xE34;&#xE22;&#xE01;&#xE23;.</subfield>
  </datafield>
  <datafield tag="250" ind1=" " ind2=" ">
    <subfield code="a">&#xE1E;&#xE34;&#xE21;&#xE1E;&#xE4C;&#xE04;&#xE23;&#xE31;&#xE49;&#xE07;&#xE17;&#xE35;&#xE48; 19 (&#xE41;&#xE01;&#xE49;&#xE44;&#xE02;&#xE40;&#xE1E;&#xE34;&#xE48;&#xE21;&#xE40;&#xE15;&#xE34;&#xE21;).</subfield>
  </datafield>
  <datafield tag="260" ind1=" " ind2=" ">
    <subfield code="a">&#xE01;&#xE23;&#xE38;&#xE07;&#xE40;&#xE17;&#xE1E;&#xE2F; :</subfield>
    <subfield code="b">&#xE27;&#xE34;&#xE0D;&#xE0D;&#xE39;&#xE0A;&#xE19;,</subfield>
    <subfield code="c">2566.</subfield>
  </datafield>
  <datafield tag="300" ind1=" " ind2=" ">
    <subfield code="a">307 &#xE2B;&#xE19;&#xE49;&#xE32; ;</subfield>
    <subfield code="c">26 &#xE0B;&#xE21;.</subfield>
  </datafield>
  <datafield tag="505" ind1="1" ind2=" ">
    <subfield code="a">&#xE22;&#xE37;&#xE21; (Loan) -- 1 &#xE1A;&#xE17;&#xE17;&#xE31;&#xE48;&#xE27;&#xE44;&#xE1B; -- 2 &#xE04;&#xE27;&#xE32;&#xE21;&#xE2B;&#xE21;&#xE32;&#xE22;&#xE02;&#xE2D;&#xE07;&#xE2A;&#xE31;&#xE0D;&#xE0D;&#xE32;&#xE22;&#xE37;&#xE21; -- 3 &#xE25;&#xE31;&#xE01;&#xE29;&#xE13;&#xE30;&#xE02;&#xE2D;&#xE07;&#xE2A;&#xE31;&#xE0D;&#xE0D;&#xE32;&#xE22;&#xE37;&#xE21; -- 4 &#xE2A;&#xE31;&#xE0D;&#xE0D;&#xE32;&#xE08;&#xE30;&#xE43;&#xE2B;&#xE49;&#xE22;&#xE37;&#xE21;&#xE21;&#xE35;&#xE44;&#xE14;&#xE49;&#xE2B;&#xE23;&#xE37;&#xE2D;&#xE44;&#xE21;&#xE48; -- &#xE2A;&#xE31;&#xE0D;&#xE0D;&#xE32;&#xE22;&#xE37;&#xE21;&#xE43;&#xE0A;&#xE49;&#xE04;&#xE07;&#xE23;&#xE39;&#xE1B; (Loan for use) -- 6 &#xE22;&#xE37;&#xE21;&#xE43;&#xE0A;&#xE49;&#xE2A;&#xE34;&#xE49;&#xE19;&#xE40;&#xE1B;&#xE25;&#xE37;&#xE2D;&#xE07; (Loan for consumption) -- 7 &#xE01;&#xE32;&#xE23;&#xE01;&#xE39;&#xE49;&#xE22;&#xE37;&#xE21;&#xE40;&#xE07;&#xE34;&#xE19; (Loan of money) -- &#xE1D;&#xE32;&#xE01;&#xE17;&#xE23;&#xE31;&#xE1E;&#xE22;&#xE4C; (Deposit) -- 1 &#xE1A;&#xE17;&#xE17;&#xE31;&#xE48;&#xE27;&#xE44;&#xE1B; -- 2 &#xE04;&#xE27;&#xE32;&#xE21;&#xE2B;&#xE21;&#xE32;&#xE22;&#xE41;&#xE25;&#xE30;&#xE2A;&#xE32;&#xE23;&#xE30;&#xE2A;&#xE33;&#xE04;&#xE31;&#xE0D;&#xE02;&#xE2D;&#xE07;&#xE2A;&#xE31;&#xE0D;&#xE0D;&#xE32;&#xE1D;&#xE32;&#xE01;&#xE17;&#xE23;&#xE31;&#xE1E;&#xE22;&#xE4C; -- 3 &#xE04;&#xE27;&#xE32;&#xE21;&#xE41;&#xE15;&#xE01;&#xE15;&#xE48;&#xE32;&#xE07;&#xE23;&#xE30;&#xE2B;&#xE27;&#xE48;&#xE32;&#xE07;&#xE2A;&#xE31;&#xE0D;&#xE0D;&#xE32;&#xE1D;&#xE32;&#xE01;&#xE17;&#xE23;&#xE31;&#xE1E;&#xE22;&#xE4C;&#xE01;&#xE31;&#xE1A;&#xE2A;&#xE31;&#xE0D;&#xE0D;&#xE32;&#xE2D;&#xE37;&#xE48;&#xE19; &#xE46; -- 4 &#xE2B;&#xE19;&#xE49;&#xE32;&#xE17;&#xE35;&#xE48;&#xE02;&#xE2D;&#xE07;&#xE1C;&#xE39;&#xE49;&#xE23;&#xE31;&#xE1A;&#xE1D;&#xE32;&#xE01; -- 5 &#xE2B;&#xE19;&#xE49;&#xE32;&#xE17;&#xE35;&#xE48;&#xE02;&#xE2D;&#xE07;&#xE1C;&#xE39;&#xE49;&#xE1D;&#xE32;&#xE01; -- 6 &#xE04;&#xE27;&#xE32;&#xE21;&#xE23;&#xE30;&#xE07;&#xE31;&#xE1A;&#xE02;&#xE2D;&#xE07;&#xE2A;&#xE31;&#xE0D;&#xE0D;&#xE32;&#xE1D;&#xE32;&#xE01;&#xE17;&#xE23;&#xE31;&#xE1E;&#xE22;&#xE4C; -- 7 &#xE2D;&#xE32;&#xE22;&#xE38;&#xE04;&#xE27;&#xE32;&#xE21; -- 8 &#xE27;&#xE34;&#xE18;&#xE35;&#xE40;&#xE09;&#xE1E;&#xE32;&#xE30;&#xE01;&#xE32;&#xE23;&#xE1D;&#xE32;&#xE01;&#xE40;&#xE07;&#xE34;&#xE19; -- 9 &#xE27;&#xE34;&#xE18;&#xE35;&#xE40;&#xE09;&#xE1E;&#xE32;&#xE30;&#xE2A;&#xE33;&#xE2B;&#xE23;&#xE31;&#xE1A;&#xE40;&#xE08;&#xE49;&#xE32;&#xE2A;&#xE33;&#xE19;&#xE31;&#xE01;&#xE42;&#xE23;&#xE07;&#xE41;&#xE23;&#xE21;.
&#xE01;&#xE32;&#xE23;&#xE41;&#xE01;&#xE49;&#xE44;&#xE02; : &#xE41;&#xE01;&#xE49;&#xE44;&#xE02;&#xE2D;&#xE31;&#xE15;&#xE23;&#xE32;&#xE14;&#xE2D;&#xE01;&#xE40;&#xE1A;&#xE35;&#xE49;&#xE22;, &#xE40;&#xE1E;&#xE34;&#xE48;&#xE21;&#xE40;&#xE15;&#xE34;&#xE21;&#xE1B;&#xE23;&#xE30;&#xE40;&#xE14;&#xE47;&#xE19;&#xE1B;&#xE31;&#xE0D;&#xE2B;&#xE32;&#xE41;&#xE25;&#xE30;&#xE0E;&#xE35;&#xE01;&#xE32;</subfield>
  </datafield>
  <datafield tag="650" ind1=" " ind2="4">
    <subfield code="9">18773</subfield>
    <subfield code="a">&#xE01;&#xE0E;&#xE2B;&#xE21;&#xE32;&#xE22;&#xE41;&#xE1E;&#xE48;&#xE07;&#xE41;&#xE25;&#xE30;&#xE1E;&#xE32;&#xE13;&#xE34;&#xE0A;&#xE22;&#xE4C; </subfield>
    <subfield code="x">&#xE1D;&#xE32;&#xE01;&#xE17;&#xE23;&#xE31;&#xE1E;&#xE22;&#xE4C;</subfield>
  </datafield>
  <datafield tag="650" ind1=" " ind2="4">
    <subfield code="9">18772</subfield>
    <subfield code="a">&#xE01;&#xE0E;&#xE2B;&#xE21;&#xE32;&#xE22;&#xE41;&#xE1E;&#xE48;&#xE07;&#xE41;&#xE25;&#xE30;&#xE1E;&#xE32;&#xE13;&#xE34;&#xE0A;&#xE22;&#xE4C; </subfield>
    <subfield code="x">&#xE22;&#xE37;&#xE21;</subfield>
  </datafield>
  <datafield tag="700" ind1="0" ind2=" ">
    <subfield code="9">60501</subfield>
    <subfield code="a">&#xE13;&#xE31;&#xE10;&#xE13;&#xE34;&#xE0A;&#xE32; &#xE40;&#xE2D;&#xE01;&#xE08;&#xE23;&#xE34;&#xE22;&#xE01;&#xE23;</subfield>
  </datafield>
  <datafield tag="850" ind1=" " ind2=" ">
    <subfield code="a">NALT</subfield>
  </datafield>
  <datafield tag="942" ind1=" " ind2=" ">
    <subfield code="2">local</subfield>
    <subfield code="c">LB</subfield>
  </datafield>
  <datafield tag="996" ind1=" " ind2=" ">
    <subfield code="a">saiphon.d</subfield>
    <subfield code="b">CATSTF	</subfield>
    <subfield code="c">2023-04-11</subfield>
  </datafield>
  <datafield tag="999" ind1=" " ind2=" ">
    <subfield code="c">101751</subfield>
    <subfield code="d">101751</subfield>
  </datafield>
  <datafield tag="998" ind1=" " ind2=" ">
    <subfield code="j">1020</subfield>
    <subfield code="k"> &#xE19;&#xE32;&#xE07;&#xE08;&#xE33;&#xE40;&#xE23;&#xE35;&#xE22;&#xE07;  &#xE23;&#xE30;&#xE27;&#xE31;&#xE07;&#xE2A;&#xE33;&#xE42;&#xE23;&#xE07;</subfield>
  </datafield>
  <datafield tag="952" ind1=" " ind2=" ">
    <subfield code="0">0</subfield>
    <subfield code="1">0</subfield>
    <subfield code="2">local</subfield>
    <subfield code="4">0</subfield>
    <subfield code="7">0</subfield>
    <subfield code="8">CLAW</subfield>
    <subfield code="a">NALT</subfield>
    <subfield code="b">NALT</subfield>
    <subfield code="c">LAW</subfield>
    <subfield code="d">2023-04-07</subfield>
    <subfield code="e">23</subfield>
    <subfield code="l">2</subfield>
    <subfield code="m">1</subfield>
    <subfield code="o">KS 42 &#xE1C;951&#xE04; 2566</subfield>
    <subfield code="p">3961213647</subfield>
    <subfield code="r">2025-01-14 00:00:00</subfield>
    <subfield code="s">2024-11-08</subfield>
    <subfield code="w">2023-04-07</subfield>
    <subfield code="y">LB</subfield>
  </datafield>
</record>
